INDEPENDENT THOUGHT (AGE OF CRIMINAL RESPONSIBILITY) 2013 (Record no. 14493)
[ view plain ]
| 000 -LEADER | |
|---|---|
| fixed length control field | 00369nam a22001457a 4500 |
| 003 - CONTROL NUMBER IDENTIFIER | |
| control field | SGT |
| 020 ## - INTERNATIONAL STANDARD BOOK NUMBER | |
| International Standard Book Number | 9788192828022 |
| 082 ## - DEWEY DECIMAL CLASSIFICATION NUMBER | |
| Classification number | 340,SRI |
| 100 ## - MAIN ENTRY--PERSONAL NAME | |
| Personal name | SRIVASTAVA,VIKRAM |
| 245 ## - TITLE STATEMENT | |
| Title | INDEPENDENT THOUGHT (AGE OF CRIMINAL RESPONSIBILITY) 2013 |
| 260 ## - PUBLICATION, DISTRIBUTION, ETC. (IMPRINT) | |
| Place of publication, distribution, etc | NEW DELHI |
| Name of publisher, distributor, etc | INDEPENDENT THOUGHT |
| Year of Publication | 2014 |
| 300 ## - PAGE DESCRIPTION | |
| No. of Pages | 285 |
| 650 ## - SUBJECT ADDED ENTRY--TOPICAL TERM | |
| Topical term or geographic name as entry element | INDEPENDENT THOUGHT |
| 942 ## - ADDED ENTRY ELEMENTS (KOHA) | |
| Source of classification or shelving scheme | Dewey Decimal Classification |
| Koha item type | Books |
| 942 ## - ADDED ENTRY ELEMENTS (KOHA) | |
| -- | 1 |
| Withdrawn status | Lost status | Source of classification or shelving scheme | Damaged status | Not for loan | Collection code | Home library | Current library | Shelving location | Date acquired | Vendor Name | SGTU | Total Checkouts | Full call number | Accession No. (Barcode) | Date last seen | Date last borrowed | Bill Date | Koha item type |
|---|---|---|---|---|---|---|---|---|---|---|---|---|---|---|---|---|---|---|
| Dewey Decimal Classification | LAW | SGT Science & Social Sciences Library | SGT Science & Social Sciences Library | Text Book | 12/01/2018 | GIFTED | SGTU | 1 | 340,SRI | FL2064 | 11/03/2024 | 15/01/2024 | 12/01/2018 | Books |